| 000 | 01265cam a2200301 i 4500 | ||
|---|---|---|---|
| 003 | SA-RiAUC | ||
| 005 | 20251030125846.0 | ||
| 008 | 251016s1975 su g 00010 ara c | ||
| 040 |
_aSA-RiAUC _bara _cSA-RiAUC _erda |
||
| 082 | 0 | 4 | _a243 |
| 090 |
_a243 _bش ع ر |
||
| 100 | 1 |
_aالشعراوي، محمد متولي، _d1911-1998 _eمؤلف. |
|
| 245 | 1 | 2 |
_aالقضاء والقدر ؛ _bمعجزات الرسول ؛ إعجاز القرآن ؛ مكانة المرأة في الإسلام / _cتأليف محمد متولي الشعراوي ؛ إعداد وتقديم أحمد فراج. |
| 250 | _aالطبعة الثانية. | ||
| 264 | 1 |
_aجدة، السعودية ؛ _aبيروت : _bدار الشروق، _c1975 |
|
| 300 |
_a191 صفحة ؛ _c16 سم |
||
| 336 |
_aنص _btxt _2rdacontent _3كتاب |
||
| 337 |
_aبدون وسيط _bn _2rdamedia |
||
| 338 |
_aمجلد _bnc _2rdacarrier |
||
| 630 | 2 | 7 |
_aالقرآن _xإعجاز _2aucut |
| 650 | 7 |
_aعلم الكلام _2aucsh |
|
| 700 | 1 |
_aفراج، أحمد، _d1931-2006 _eمقدم. |
|
| 740 | 0 | 2 | _aمعجزات الرسول. |
| 740 | 0 | 2 | _aإعجاز القرآن. |
| 740 | 0 | 2 | _aمكانة المرأة في الإسلام. |
| 942 |
_2ddc _cBOOK _n0 |
||
| 949 |
_aSA-JeALM _d251016 _umohamedma123 _n1 |
||
| 999 |
_c12834 _d12834 |
||